00313nam a2200121Ia 4500008004100000100003800041245003700079260003200116300000900148650001200157942000700169999001500176190216s9999||||xx |||||||||||||| ||und|| aWalter A Triebel And Avatar Singh 0aMicroprocessors The 8088 And8086 bPentice Hall Of Indiac2001 a618p aPhysics cBK c8695d8695